| 000 | 00653cam a22001811 4500 | ||
|---|---|---|---|
| 082 |
_a671.522 _bYEV _cL-24, P-27 |
||
| 100 | 1 |
_aGlizmanenko, Dmitriĭ Lv́ovich. _944973 |
|
| 245 | 1 | 0 |
_aGas welding and cutting, _cby D. Glizmanenko and G. Yevseyev. Translated from the Russian by B. Kuznetsov. |
| 260 |
_aMoscow, _bPeace Publishers _c[1961] |
||
| 300 |
_a430, [1] p. _billus. _c22 cm. |
||
| 500 | _aAdded t. p., in Russian. | ||
| 526 |
_a0 _b0 _c0 _d671_522000000000000_GLI |
||
| 526 |
_a0 _b0 _c0 _d671_522000000000000_YEV |
||
| 650 | 0 |
_aMCE _9379 |
|
| 650 | 0 |
_aOxyacetylene welding and cutting. _944974 |
|
| 700 | 1 |
_aEvseev, G. B. _944975 |
|
| 942 |
_2ddc _cBK |
||
| 999 |
_c548609 _d548609 |
||